[Event "ch-CHN 2013"]
[Site "Xinghua CHN"]
[Date "2013.04.22"]
[Round "6.1"]
[White "Hou, Yifan"]
[Black "Ma, Qun"]
[Result "1/2-1/2"]
[WhiteTitle "GM"]
[BlackTitle "GM"]
[WhiteElo "2617"]
[BlackElo "2559"]
[WhiteFideId "8602980"]
[BlackFideId "8603154"]
[EventDate "2013.04.16"]

1. e4 c5 2. Nf3 Nc6 3. d4 cxd4 4. Nxd4 g6 5. c4 Nf6 6. Nc3 Nxd4 7. Qxd4 d6 8.
Be2 Bg7 9. Bg5 O-O 10. Qe3 Qb6 11. Qd2 a5 12. Rc1 a4 13. f3 Be6 14. Be3 Qd8 15.
O-O Qa5 16. Rc2 Rfc8 17. b3 axb3 18. axb3 Nd7 19. Rb1 Qb4 20. Kf1 Bxc3 21. Rxc3
b5 22. Qe1 bxc4 23. bxc4 Qa4 24. Rbc1 Rc7 25. f4 Rac8 26. Ra1 Qb4 27. Rb1 Qa4
28. Ra1 Qb4 29. Rb1 Qa4 30. Ra1 1/2-1/2

[Event "ch-CHN 2013"]
[Site "Xinghua CHN"]
[Date "2013.04.22"]
[Round "6.2"]
[White "Zhou, Jianchao"]
[Black "Zhao, Jun"]
[Result "1-0"]
[WhiteTitle "GM"]
[BlackTitle "GM"]
[WhiteElo "2607"]
[BlackElo "2589"]
[WhiteFideId "8603537"]
[BlackFideId "8602522"]
[EventDate "2013.04.16"]

1. c4 Nf6 2. Nc3 g6 3. g3 Bg7 4. Bg2 O-O 5. d4 d6 6. Nf3 Nc6 7. O-O Rb8 8. Bf4
a6 9. Rc1 h6 10. d5 Na5 11. b3 c5 12. dxc6 Nxc6 13. Nd5 Ng4 14. h3 Nge5 15. Be3
Be6 16. Qd2 Kh7 17. Rfd1 f5 18. Bb6 Qd7 19. Nxe5 dxe5 20. Nf6+ Bxf6 21. Qxd7
Bxd7 22. Rxd7 e4 23. Rcd1 Ne5 24. Rc7 Rfc8 25. Rxc8 Rxc8 26. f3 g5 27. fxe4 f4
28. gxf4 gxf4 29. Rd5 e6 30. Rd6 Rc6 31. Rxc6 Nxc6 32. Kf2 Kg6 33. e3 fxe3+ 34.
Kxe3 Bg5+ 35. Ke2 Kf6 36. Bc7 Bc1 37. e5+ Kf5 38. Bd6 Bf4 39. b4 Bxe5 40. Bxe5
Kxe5 41. Bxc6 bxc6 42. Ke3 Kf5 43. a4 Ke5 44. h4 Kd6 45. h5 Ke5 46. Kd3 Kd6 47.
Ke4 c5 48. b5 axb5 49. axb5 Kd7 50. Ke5 Ke7 51. b6 1-0

[Event "ch-CHN 2013"]
[Site "Xinghua CHN"]
[Date "2013.04.22"]
[Round "6.3"]
[White "Bu, Xiangzhi"]
[Black "Yu, Yangyi"]
[Result "1/2-1/2"]
[WhiteTitle "GM"]
[BlackTitle "GM"]
[WhiteElo "2662"]
[BlackElo "2675"]
[WhiteFideId "8601445"]
[BlackFideId "8603820"]
[EventDate "2013.04.16"]

1. Nf3 d5 2. d4 Nc6 3. c4 Bg4 4. Nc3 e6 5. Bg5 Be7 6. Bxe7 Ngxe7 7. e3 O-O 8.
Be2 a6 9. cxd5 exd5 10. O-O Nc8 11. Na4 Nd6 12. Rc1 Nb8 13. Nc5 Nd7 14. Ne5 Bxe2
15. Qxe2 Nf6 16. f3 Re8 17. b3 c6 18. Qf2 Re7 19. Rfe1 Qa5 20. g4 Rae8 21. Re2
h6 22. Qg3 Nh7 23. Rce1 Nb5 24. a4 Na7 25. Ned3 Qd8 26. h4 Nf8 27. g5 h5 28. Nf4
g6 29. Qf2 Qd6 30. Ncd3 Rd8 31. e4 dxe4 32. Rxe4 Rxe4 33. Rxe4 Nc8 34. Nc5 Qc7
35. Qe3 a5 36. Re5 Qb6 37. Re8 Nd6 38. Rxd8 Qxd8 39. Qe5 b6 40. Ne4 Nxe4 41.
Qxe4 Qd6 42. Kg2 Qa3 43. d5 cxd5 44. Nxd5 Qb2+ 45. Kg3 Qa1 46. Nf6+ Kg7 47. Ne8+
Kg8 48. Nf6+ Kg7 49. Ne8+ Kg8 1/2-1/2

[Event "ch-CHN 2013"]
[Site "Xinghua CHN"]
[Date "2013.04.22"]
[Round "6.4"]
[White "Li, Chao b"]
[Black "Zhou, Weiqi"]
[Result "1-0"]
[WhiteTitle "GM"]
[BlackTitle "GM"]
[WhiteElo "2686"]
[BlackElo "2590"]
[WhiteFideId "8604436"]
[BlackFideId "8601674"]
[EventDate "2013.04.16"]

1. Nf3 d5 2. d4 Nf6 3. c4 c6 4. Nc3 a6 5. a4 e6 6. g3 dxc4 7. Bg2 c5 8. Be3 Nc6
9. dxc5 Qxd1+ 10. Rxd1 Bd7 11. O-O Rc8 12. h3 Na5 13. Ne5 Bxc5 14. g4 h6 15. h4
Bxe3 16. fxe3 Bc6 17. Bxc6+ Nxc6 18. Nxc4 O-O 19. g5 Ng4 20. Rd7 Rb8 21. Rc7
hxg5 22. hxg5 Nce5 23. Nxe5 Nxe5 24. Ne4 b5 25. a5 Nc4 26. Nc5 Nxe3 27. Rf3 Nd5
28. Ra7 Rbc8 29. Nd7 Rc1+ 30. Kf2 Rd8 31. Ne5 f6 32. Nf7 Rdc8 33. Rh3 R1c7 34.
g6 Kf8 35. Nd6 Rd8 36. Rxa6 b4 37. Nf7 Re8 38. Rh8+ Ke7 39. Rxe8+ Kxe8 40. Ra8+
Ke7 41. a6 f5 42. a7 Nb6 43. Rb8 Rxa7 44. Rxb6 Kf6 45. Nd8 Re7 46. Nc6 Re8 47.
Rxb4 Kxg6 48. Rb8 1-0

[Event "ch-CHN 2013"]
[Site "Xinghua CHN"]
[Date "2013.04.22"]
[Round "6.5"]
[White "Xiu, Deshun"]
[Black "Li, Shilong"]
[Result "1-0"]
[WhiteTitle "GM"]
[BlackTitle "GM"]
[WhiteElo "2534"]
[BlackElo "2558"]
[WhiteFideId "8603693"]
[BlackFideId "8600678"]
[EventDate "2013.04.16"]

1. Nf3 Nf6 2. c4 g6 3. Nc3 Bg7 4. e4 d6 5. d4 O-O 6. Be2 e5 7. O-O c6 8. Re1
Nbd7 9. Bf1 a5 10. Rb1 Re8 11. d5 Nc5 12. b3 Bd7 13. Ba3 Qe7 14. Bxc5 dxc5 15.
Na4 Bf8 16. Qd2 Bg4 17. Qe3 b5 18. Nc3 b4 19. Na4 Rab8 20. Rbd1 Qd6 21. h3 Bd7
22. Nb2 Rbc8 23. Rd2 Ra8 24. Red1 Bc8 25. g3 Ba6 26. Nh2 h5 27. g4 Bc8 28. Be2
hxg4 29. hxg4 Be7 30. Kg2 Nh7 31. dxc6 Qxc6 32. Rd5 Be6 33. Nf3 Bxd5 34. cxd5
Qf6 35. Nc4 Bd6 36. Rh1 Bf8 37. g5 Qf4 38. Kh3 Qxe3 39. Nxe3 Bd6 40. Bb5 Red8
41. Nc4 f5 42. gxf6 Nxf6 43. Ng5 Nh5 44. Ne6 Kf7 45. Kg4 Nf6+ 46. Kf3 Ke7 47.
Rg1 Rg8 48. Ke3 g5 49. Kd3 Nh5 50. Ne3 Kf6 51. Ng4+ Kg6 52. Nxe5+ Bxe5 53. Rxg5+
Kh6 54. Rxe5 Rg1 55. Kc2 Rag8 56. Rf5 Re1 57. Kd2 Rxe4 58. Be2 Kg6 59. Rg5+ 1-0

[Event "ch-CHN 2013"]
[Site "Xinghua CHN"]
[Date "2013.04.23"]
[Round "7.1"]
[White "Wang, Yue"]
[Black "Hou, Yifan"]
[Result "1-0"]
[WhiteTitle "GM"]
[BlackTitle "GM"]
[WhiteElo "2706"]
[BlackElo "2617"]
[WhiteFideId "8601429"]
[BlackFideId "8602980"]
[EventDate "2013.04.16"]

1. c4 e6 2. Nc3 d5 3. d4 Bb4 4. cxd5 exd5 5. Bf4 Nf6 6. e3 O-O 7. Bd3 c5 8. Ne2
cxd4 9. Nxd4 Nc6 10. O-O Nxd4 11. exd4 Bxc3 12. bxc3 Bg4 13. Qb3 Qd7 14. Rfe1
Rac8 15. Bb5 Qd8 16. Bf1 b6 17. f3 Be6 18. Ba6 Rc6 19. Bb5 Rc8 20. Qa3 Bd7 21.
Bf1 a5 22. Rab1 Re8 23. Be5 Bf5 24. Rbc1 Nd7 25. Bf4 Rc6 26. Qb3 Rxe1 27. Rxe1
Nf8 28. Qa3 Re6 29. Rxe6 Bxe6 30. Qd6 Nd7 31. Bb5 h5 32. Bd2 Qc8 33. Kf2 Kh8 34.
h4 Kg8 35. Bf4 Qd8 36. g3 Qc8 37. Qc7 Qxc7 38. Bxc7 f6 39. c4 dxc4 40. d5 Bf5
41. Bxc4 Kf7 42. Ke3 Ne5 43. Be2 Bb1 44. a3 Nd7 45. Kd4 Ke7 46. Bc4 Bf5 47. d6+
Ke8 48. f4 Bg4 49. Bd5 Kf8 50. Be4 Kf7 51. Bc2 Kf8 52. Bd3 Kf7 53. Bf1 Bf3 54.
Bc4+ Kf8 55. Bb5 Bg4 56. Bf1 Bf3 57. Bb5 Bg4 58. Bc6 Kf7 59. Be4 Ke8 60. Bg2 Kf7
61. Kd5 Bd1 62. Kc6 Ba4+ 63. Kb7 Ke6 64. Bf3 g6 65. Bg2 Bc2 66. Bc6 Bf5 67. Kc8
Nc5 68. Kd8 Be4 69. Bxe4 Nxe4 70. d7 Nc5 71. Bxb6 Nxd7 72. Bxa5 Nc5 73. Bb4 Ne4
74. a4 Kd5 75. Be1 g5 76. a5 gxf4 77. gxf4 Nc5 78. Kc7 Ke4 79. Bf2 Na6+ 80. Kb7
Nb4 81. Bc5 Nd3 82. Bd6 1-0

[Event "ch-CHN 2013"]
[Site "Xinghua CHN"]
[Date "2013.04.23"]
[Round "7.3"]
[White "Zhou, Weiqi"]
[Black "Xiu, Deshun"]
[Result "0-1"]
[WhiteTitle "GM"]
[BlackTitle "GM"]
[WhiteElo "2590"]
[BlackElo "2534"]
[WhiteFideId "8601674"]
[BlackFideId "8603693"]
[EventDate "2013.04.16"]

1. Nf3 Nf6 2. c4 e6 3. d4 Bb4+ 4. Bd2 a5 5. g3 d6 6. Bg2 Nbd7 7. Nc3 e5 8. O-O
O-O 9. Qc2 Re8 10. a3 Bxc3 11. Bxc3 e4 12. Ng5 Qe7 13. d5 h6 14. Nh3 Ne5 15. f3
Bf5 16. fxe4 Bh7 17. Nf2 Ned7 18. Qd2 Bxe4 19. Rae1 Bxg2 20. Kxg2 Ne4 21. Nxe4
Qxe4+ 22. Rf3 Nb6 23. b3 a4 24. Qb2 axb3 25. Bxg7 Nxc4 26. Qc3 Rxa3 27. Bh8 Re5
28. Bxe5 Nxe5 29. Qe3 Qxd5 30. Qxh6 Nxf3 31. exf3 Ra2+ 32. Kg1 Ra1 33. Rxa1 Qd4+
34. Kg2 Qb2+ 35. Kh3 Qxa1 36. Qg5+ Qg7 37. Qd8+ Qf8 38. Qg5+ Qg7 39. Qd8+ Kh7
40. Qxc7 Qh6+ 41. Kg2 Qd2+ 42. Kh3 Kg7 43. Qc4 Qh6+ 44. Kg2 Qd2+ 45. Kh3 Qh6+
46. Kg2 Qe6 47. Qb5 Qe3 48. f4 Qe4+ 49. Kh3 Qh7+ 50. Kg4 Qc2 0-1

[Event "ch-CHN 2013"]
[Site "Xinghua CHN"]
[Date "2013.04.23"]
[Round "7.4"]
[White "Yu, Yangyi"]
[Black "Li, Chao b"]
[Result "1/2-1/2"]
[WhiteTitle "GM"]
[BlackTitle "GM"]
[WhiteElo "2675"]
[BlackElo "2686"]
[WhiteFideId "8603820"]
[BlackFideId "8604436"]
[EventDate "2013.04.16"]

1. e4 e5 2. Nf3 Nf6 3. Nxe5 d6 4. Nf3 Nxe4 5. d4 d5 6. Bd3 Be7 7. O-O Nc6 8. c4
Nb4 9. Re1 Nxd3 10. Qxd3 c6 11. cxd5 cxd5 12. Qb5+ Qd7 13. Qb3 O-O 14. Nc3 Nxc3
15. bxc3 Bf6 16. Ba3 Rd8 17. Re3 Qc7 18. Qxd5 Be6 19. Qb5 Rac8 20. Rae1 h6 21.
Qb2 b6 22. h3 Rd5 23. Bb4 Qd7 24. Qe2 Qc6 25. Qa6 Rc7 26. Ne5 Bxe5 27. Rxe5 Rxe5
28. Rxe5 Bc4 29. Qa3 Bd5 30. f3 Be6 31. Rd5 1/2-1/2

[Event "ch-CHN 2013"]
[Site "Xinghua CHN"]
[Date "2013.04.23"]
[Round "7.5"]
[White "Zhao, Jun"]
[Black "Bu, Xiangzhi"]
[Result "1/2-1/2"]
[WhiteTitle "GM"]
[BlackTitle "GM"]
[WhiteElo "2589"]
[BlackElo "2662"]
[WhiteFideId "8602522"]
[BlackFideId "8601445"]
[EventDate "2013.04.16"]

1. e4 c5 2. Nf3 Nc6 3. Bb5 g6 4. Bxc6 dxc6 5. d3 Bg7 6. h3 b6 7. a4 a5 8. Na3
Ba6 9. Qe2 Nf6 10. Nc4 Nd7 11. h4 h6 12. e5 b5 13. Ncd2 Nf8 14. Qe4 Rc8 15. Nb3
Ne6 16. axb5 cxb5 17. Nxa5 Qd7 18. Be3 O-O 19. O-O Rfd8 20. Rfd1 Qd5 21. Qxd5
Rxd5 22. Nb3 Bb7 23. Ra7 Rd7 24. Rda1 Rcc7 25. Nbd2 f5 26. g3 Kf7 27. R7a5 Bc6
28. Ra6 Bb7 29. Rb6 c4 30. dxc4 bxc4 31. c3 Bd5 32. Kf1 Rb7 33. Raa6 Rxb6 34.
Rxb6 Nd8 35. Bd4 Ne6 36. Be3 Nd8 37. Bd4 Ne6 38. Ke2 Rc7 39. Be3 Rc8 40. Nd4
Bxe5 41. Nxe6 Bxe6 42. Bxh6 Bd5 43. Nf3 Bf6 44. Bg5 Bg7 45. Bf4 Bf6 46. Ke3 Rd8
47. Bg5 Bg7 48. Bf4 Bf6 49. Ng5+ Bxg5 50. Bxg5 Bg2 51. Ke2 Bd5 52. Bf4 Rd7 53.
Ke3 Bg2 54. Be5 g5 55. Ke2 Rd3 56. f4 g4 57. h5 Bf3+ 58. Kf2 Rd2+ 59. Ke3 Rd3+ 1/2-1/2

[Event "ch-CHN 2013"]
[Site "Xinghua CHN"]
[Date "2013.04.23"]
[Round "7.6"]
[White "Ma, Qun"]
[Black "Zhou, Jianchao"]
[Result "1-0"]
[WhiteTitle "GM"]
[BlackTitle "GM"]
[WhiteElo "2559"]
[BlackElo "2607"]
[WhiteFideId "8603154"]
[BlackFideId "8603537"]
[EventDate "2013.04.16"]

1. e4 c5 2. Nf3 d6 3. d4 cxd4 4. Nxd4 Nf6 5. Nc3 Nc6 6. Be2 e5 7. Nb3 Be7 8. Be3
Be6 9. O-O O-O 10. Qd2 a5 11. Rfd1 a4 12. Nc1 a3 13. b3 Nb4 14. Nd3 Nxd3 15.
Qxd3 Qc8 16. Na4 Rxa4 17. bxa4 d5 18. exd5 Nxd5 19. c4 e4 20. Qb3 Nxe3 21. Qxe3
f5 22. Rab1 Bc5 23. Qf4 b6 24. h4 Qa6 25. Qe5 Bxc4 26. Rd7 Rf7 27. Rxf7 Kxf7 28.
Qxf5+ Kg8 29. Rd1 1-0

[Event "ch-CHN 2013"]
[Site "Xinghua CHN"]
[Date "2013.04.24"]
[Round "8.1"]
[White "Hou, Yifan"]
[Black "Zhou, Jianchao"]
[Result "1/2-1/2"]
[WhiteTitle "GM"]
[BlackTitle "GM"]
[WhiteElo "2617"]
[BlackElo "2607"]
[WhiteFideId "8602980"]
[BlackFideId "8603537"]
[EventDate "2013.04.16"]

1. e4 e5 2. Nf3 Nc6 3. Bb5 Nf6 4. d3 Bc5 5. Bxc6 dxc6 6. Nbd2 Nd7 7. Nc4 Qe7 8.
O-O O-O 9. Bd2 Rd8 10. Rb1 f6 11. b4 Bd6 12. Nh4 Nf8 13. Nf5 Qf7 14. a4 Ne6 15.
b5 cxb5 16. Ncxd6 cxd6 17. axb5 d5 18. exd5 Nc7 19. Qg4 Bxf5 20. Qxf5 Qxd5 21.
Rb4 Qd7 22. Qxd7 Rxd7 23. f4 Nd5 24. Rb3 Nxf4 25. Bxf4 exf4 26. Rxf4 Re8 27. h3
Re2 28. Rf2 Re1+ 29. Kh2 Kf7 30. Kg3 h5 31. Rd2 g5 32. Kf2 Re6 33. d4 h4 34. c4
Re4 35. Rbd3 b6 36. c5 Rf4+ 37. Kg1 bxc5 38. dxc5 Rxd3 39. Rxd3 Rf5 40. Rd7+ Ke8
41. Rc7 Kd8 42. Rc6 Kd7 43. Rd6+ Kc7 44. Rc6+ Kd7 45. g3 hxg3 46. Kg2 Rd5 47.
Rxf6 1/2-1/2

[Event "ch-CHN 2013"]
[Site "Xinghua CHN"]
[Date "2013.04.24"]
[Round "8.2"]
[White "Bu, Xiangzhi"]
[Black "Ma, Qun"]
[Result "1-0"]
[WhiteTitle "GM"]
[BlackTitle "GM"]
[WhiteElo "2662"]
[BlackElo "2559"]
[WhiteFideId "8601445"]
[BlackFideId "8603154"]
[EventDate "2013.04.16"]

1. Nf3 d5 2. d4 Nf6 3. c4 c6 4. Nc3 dxc4 5. a4 Bf5 6. Ne5 Nbd7 7. Nxc4 Nb6 8.
Ne5 a5 9. e3 g6 10. Bd3 Bxd3 11. Nxd3 Bg7 12. Qb3 O-O 13. O-O Nfd7 14. f4 Rb8
15. Bd2 Nc8 16. f5 Nd6 17. fxg6 hxg6 18. Nf4 c5 19. Kh1 c4 20. Qc2 e5 21. Nfd5
Re8 22. Nb5 Nxb5 23. axb5 exd4 24. exd4 Ne5 25. Nf6+ Bxf6 26. dxe5 Bxe5 27. Qxc4
Qc7 28. Qb3 b6 29. Rac1 Qd7 30. Rc6 Re6 31. Be3 a4 32. Qxa4 Qd3 33. Rf3 Rd8 34.
Bg1 Qd7 35. Rf1 Bxb2 36. Bxb6 Rb8 37. Bg1 Re5 38. b6 Re6 39. Qa7 Qxc6 40. Qxb8+
Re8 41. Qa7 Qd5 42. b7 Be5 43. Rc1 Bb8 44. Qa4 Rf8 45. Qa6 Qb3 46. Rc8 Be5 47.
Qa8 1-0

[Event "ch-CHN 2013"]
[Site "Xinghua CHN"]
[Date "2013.04.24"]
[Round "8.3"]
[White "Li, Chao b"]
[Black "Zhao, Jun"]
[Result "0-1"]
[WhiteTitle "GM"]
[BlackTitle "GM"]
[WhiteElo "2686"]
[BlackElo "2589"]
[WhiteFideId "8604436"]
[BlackFideId "8602522"]
[EventDate "2013.04.16"]

1. d4 Nf6 2. c4 g6 3. Nc3 Bg7 4. e4 d6 5. Nf3 O-O 6. Be2 e5 7. O-O exd4 8. Nxd4
Re8 9. f3 Nc6 10. Nc2 Nh5 11. Be3 Be5 12. Nd5 Bxb2 13. f4 Bxa1 14. Qxa1 Ne7 15.
Bxh5 Nxd5 16. exd5 Bf5 17. Bd4 gxh5 18. Bf6 Qd7 19. Nd4 h6 20. Qd1 Kh7 21. Qxh5
Bg4 22. Qh4 Rg8 23. f5 Rae8 24. Rf4 Qa4 25. h3 Be2 26. Kh2 Qd1 27. Qf2 Bxc4 28.
Rh4 Qc1 29. Ne6 fxe6 30. Bb2 Qg5 31. Rxc4 exf5 32. Bc1 Qe7 33. Qxf5+ Rg6 34. Qc2
Qf7 35. Rxc7 Re7 36. Rc4 Qxd5 37. Rh4 Qe5+ 38. Bf4 Qe4 39. Qd2 Reg7 40. Bg3 Qe6
41. Qc2 d5 42. Rh5 Qe4 43. Qc1 d4 44. Kh1 Qe3 45. Bf4 Qxc1+ 46. Bxc1 Rxg2 0-1

[Event "ch-CHN 2013"]
[Site "Xinghua CHN"]
[Date "2013.04.24"]
[Round "8.4"]
[White "Xiu, Deshun"]
[Black "Yu, Yangyi"]
[Result "1/2-1/2"]
[WhiteTitle "GM"]
[BlackTitle "GM"]
[WhiteElo "2534"]
[BlackElo "2675"]
[WhiteFideId "8603693"]
[BlackFideId "8603820"]
[EventDate "2013.04.16"]

1. d4 Nf6 2. c4 e6 3. Nc3 Bb4 4. e3 O-O 5. Bd3 d5 6. cxd5 exd5 7. Ne2 Re8 8. O-O
Bd6 9. f3 c5 10. Nb5 Bf8 11. dxc5 Bxc5 12. Nbd4 Nc6 13. Kh1 Ne5 14. b3 Nxd3 15.
Qxd3 a5 16. Ng3 b6 17. Rd1 Qe7 18. Qd2 h5 19. Qf2 h4 20. Nge2 Nh5 21. g4 hxg3
22. hxg3 f5 23. Kg2 Bd7 24. Rh1 Nf6 25. Nf4 g5 26. Nh5 Bxd4 27. exd4 Qf7 28.
Nxf6+ Qxf6 29. Bd2 Qg6 30. Rae1 f4 31. Re5 Rxe5 32. dxe5 Rc8 33. Qd4 Be6 34.
gxf4 gxf4+ 35. Kf1 Qb1+ 36. Kg2 Qg6+ 37. Kf1 Qb1+ 38. Kg2 1/2-1/2

[Event "ch-CHN 2013"]
[Site "Xinghua CHN"]
[Date "2013.04.25"]
[Round "9.2"]
[White "Zhou, Weiqi"]
[Black "Wang, Yue"]
[Result "0-1"]
[WhiteTitle "GM"]
[BlackTitle "GM"]
[WhiteElo "2590"]
[BlackElo "2706"]
[WhiteFideId "8601674"]
[BlackFideId "8601429"]
[EventDate "2013.04.16"]

1. d4 Nf6 2. c4 e6 3. Nc3 Bb4 4. Qc2 O-O 5. a3 Bxc3+ 6. Qxc3 d5 7. Nf3 dxc4 8.
Qxc4 b6 9. Bg5 Ba6 10. Qa4 Qd7 11. Qb3 Ne4 12. Rd1 Nxg5 13. Nxg5 Qe7 14. Nf3 c5
15. e3 Bxf1 16. Kxf1 Nc6 17. Ke2 cxd4 18. Nxd4 Nxd4+ 19. Rxd4 Qg5 20. g4 Qh4 21.
Qb4 Rac8 22. Rd2 Rc5 23. Qe4 f5 24. Qxe6+ Kh8 25. Qd6 Qxg4+ 26. f3 Qc4+ 27. Kf2
Qh4+ 28. Qg3 Qf6 29. Qf4 Rfc8 30. Rhd1 h6 31. Qd6 Qh4+ 32. Qg3 Qf6 33. Qd6 Qf7
34. Qf4 Rc2 35. e4 Qb3 36. Kg3 Rxd2 37. Rxd2 fxe4 38. Qxe4 Rf8 39. Kg2 Qf7 40.
Re2 Qf6 41. Qg4 Rd8 42. Qc4 Qg6+ 43. Qg4 Qf7 44. Qe4 Qf6 45. Qc4 a5 46. Kf2 Rf8
47. Qg4 b5 48. Qe4 a4 49. Kg2 Rd8 50. Kf2 Rf8 51. Kg2 Rc8 52. Kf2 Rd8 53. Qe7
Qd4+ 54. Kg2 Kh7 55. Kh3 Qd1 56. Qe4+ Kh8 57. Rg2 Rf8 58. Kg3 Qd6+ 59. f4 Qd1
60. h3 Qd6 61. Re2 Rd8 62. Kh2 Qd3 63. Qe7 Rd7 64. Qe3 Kh7 65. Qf2 Rc7 66. Kg2
Rc1 67. Kh2 Rd1 68. Qg2 Qf5 69. Rf2 Rd3 70. Qg4 Qf6 71. Qe2 Qd4 72. Kg2 Qd5+ 73.
Kh2 Qd4 74. Kg2 Re3 75. Qc2+ Qd3 76. Qxd3+ Rxd3 77. Rf3 Rd2+ 78. Rf2 Rd5 79. Kf3
Rd3+ 80. Kg4 Kg6 81. Rc2 h5+ 82. Kh4 Kf5 83. Rc5+ Kxf4 84. Rxb5 g5+ 85. Kxh5
Rxh3+ 86. Kg6 g4 87. Rb4+ Kf3 88. Kg5 g3 89. Rf4+ Ke2 90. Re4+ Kf3 91. Rf4+ Kg2
92. Rxa4 Kh2 93. Rg4 g2 94. Kf4 g1=Q 95. Rxg1 Kxg1 96. Ke4 Rb3 97. Kd5 Rxb2 98.
Kc5 Ra2 99. Kb4 Kf2 100. a4 Ke3 101. a5 Kd4 102. Kb5 Kd5 103. Kb6 Kd6 104. a6
Rb2+ 0-1

[Event "ch-CHN 2013"]
[Site "Xinghua CHN"]
[Date "2013.04.25"]
[Round "9.6"]
[White "Zhou, Jianchao"]
[Black "Bu, Xiangzhi"]
[Result "1/2-1/2"]
[WhiteTitle "GM"]
[BlackTitle "GM"]
[WhiteElo "2607"]
[BlackElo "2662"]
[WhiteFideId "8603537"]
[BlackFideId "8601445"]
[EventDate "2013.04.16"]

1. d4 Nf6 2. c4 e6 3. Nf3 d5 4. Nc3 c5 5. e3 Nc6 6. a3 a6 7. dxc5 Bxc5 8. b4 Ba7
9. Bb2 O-O 10. Be2 dxc4 11. Bxc4 Qxd1+ 12. Rxd1 Rd8 13. Ke2 Bd7 14. Bd3 Rac8 15.
Rd2 Be8 16. Ne4 Nxe4 17. Bxe4 Rxd2+ 18. Nxd2 Ne7 19. Rc1 Rxc1 20. Bxc1 Bb5+ 21.
Kd1 Ba4+ 22. Ke2 Bb5+ 23. Kd1 Ba4+ 24. Ke2 1/2-1/2

[Event "ch-CHN 2013"]
[Site "Xinghua CHN"]
[Date "2013.04.26"]
[Round "10.1"]
[White "Hou, Yifan"]
[Black "Bu, Xiangzhi"]
[Result "1/2-1/2"]
[WhiteTitle "GM"]
[BlackTitle "GM"]
[WhiteElo "2617"]
[BlackElo "2662"]
[WhiteFideId "8602980"]
[BlackFideId "8601445"]
[EventDate "2013.04.16"]

1. e4 c5 2. Nf3 d6 3. d4 cxd4 4. Nxd4 Nf6 5. Nc3 a6 6. Bg5 Nbd7 7. Qe2 Qa5 8. f4
h6 9. Bh4 e5 10. Nb3 Qc7 11. g3 Be7 12. O-O-O b5 13. Qd2 Bb7 14. Bh3 Nb6 15. Na5
Rd8 16. Bxf6 Bxf6 17. Nxb7 Qxb7 18. Nd5 Nxd5 19. Qxd5 Qxd5 20. Rxd5 exf4 21.
gxf4 g5 22. Rhd1 Ke7 23. e5 dxe5 24. fxe5 Rxd5 25. Rxd5 Bg7 26. Rd7+ Kf8 27. e6
fxe6 28. Bxe6 Be5 29. h3 h5 30. Ra7 Rh6 31. Rxa6 Ke7 32. Bc8 Rxa6 33. Bxa6 b4
34. Be2 g4 35. hxg4 hxg4 36. Bxg4 Kd6 37. c3 1/2-1/2

[Event "ch-CHN 2013"]
[Site "Xinghua CHN"]
[Date "2013.04.26"]
[Round "10.2"]
[White "Li, Chao b"]
[Black "Zhou, Jianchao"]
[Result "1-0"]
[WhiteTitle "GM"]
[BlackTitle "GM"]
[WhiteElo "2686"]
[BlackElo "2607"]
[WhiteFideId "8604436"]
[BlackFideId "8603537"]
[EventDate "2013.04.16"]

1. d4 Nf6 2. c4 e6 3. g3 c5 4. d5 exd5 5. cxd5 d6 6. Bg2 g6 7. Nc3 Bg7 8. Nf3
O-O 9. O-O Re8 10. Re1 Na6 11. h3 Ne4 12. Nxe4 Rxe4 13. Nd2 Re8 14. a4 Nb4 15.
Nc4 b6 16. Bf4 Bf8 17. Qd2 Ba6 18. b3 Bxc4 19. bxc4 a6 20. Bg5 Qd7 21. Bf6 b5
22. Qc3 bxc4 23. e4 Be7 24. Bxe7 Qxe7 25. f4 g5 26. Rf1 gxf4 27. gxf4 Qh4 28.
Qxc4 Kh8 29. Qc3+ f6 30. e5 fxe5 31. Rae1 Rg8 32. Kh2 Rxg2+ 33. Kxg2 Nxd5 34.
Qf3 Nxf4+ 35. Kh2 Rf8 36. Rb1 d5 37. Qe3 e4 38. Rb3 Qg5 39. Qg3 Qe5 40. Rb7 e3
41. Rg1 e2 42. Rf7 Re8 43. Rxf4 Qb2 44. Kh1 Qb7 45. Rf8+ 1-0

[Event "ch-CHN 2013"]
[Site "Xinghua CHN"]
[Date "2013.04.26"]
[Round "10.3"]
[White "Xiu, Deshun"]
[Black "Ma, Qun"]
[Result "1/2-1/2"]
[WhiteTitle "GM"]
[BlackTitle "GM"]
[WhiteElo "2534"]
[BlackElo "2559"]
[WhiteFideId "8603693"]
[BlackFideId "8603154"]
[EventDate "2013.04.16"]

1. e4 c6 2. d4 d5 3. Nc3 dxe4 4. Nxe4 Bf5 5. Ng3 Bg6 6. h4 h6 7. Nf3 Nd7 8. h5
Bh7 9. Bd3 Bxd3 10. Qxd3 Ngf6 11. Bd2 e6 12. O-O-O Be7 13. Qe2 O-O 14. Nf1 c5
15. g4 cxd4 16. g5 Nd5 17. gxh6 Qb6 18. Rg1 Ba3 19. Rxg7+ Kh8 20. bxa3 Nc3 21.
Bxc3 dxc3 22. Rh7+ Kg8 23. Rg7+ Kh8 24. Rh7+ Kg8 25. Rg7+ Kh8 26. Rh7+ 1/2-1/2

[Event "ch-CHN 2013"]
[Site "Xinghua CHN"]
[Date "2013.04.26"]
[Round "10.5"]
[White "Wang, Yue"]
[Black "Yu, Yangyi"]
[Result "1/2-1/2"]
[WhiteTitle "GM"]
[BlackTitle "GM"]
[WhiteElo "2706"]
[BlackElo "2675"]
[WhiteFideId "8601429"]
[BlackFideId "8603820"]
[EventDate "2013.04.16"]

1. c4 c5 2. Nf3 Nc6 3. Nc3 Nf6 4. g3 d5 5. cxd5 Nxd5 6. Bg2 Nc7 7. O-O e5 8. a3
f6 9. e3 Be7 10. d4 cxd4 11. exd4 exd4 12. Ne2 Ne6 13. b4 d3 14. Nc3 O-O 15. Bb2
Nc7 16. Re1 Bg4 17. h3 Bxf3 18. Qxf3 a5 19. b5 Ne5 20. Qe4 Qd6 21. f4 d2 22. Re3
Ng6 23. Rd1 Rad8 24. Kh2 Qc5 25. Re2 Nxb5 26. Nd5 Rfe8 27. Rexd2 Bf8 28. Qa4 Nd6
29. Rc2 Qb5 30. Qxb5 Nxb5 31. Rcd2 Kh8 32. a4 Na3 33. Bf1 Rc8 34. Nb6 Rc2 35. h4
Bb4 36. Rxc2 Nxc2 37. Bb5 Ne3 38. Rd3 Ng4+ 39. Kg2 Re2+ 40. Kf3 Rxb2 41. Kxg4
Rd2 42. Rxd2 Bxd2 43. Kf5 Kg8 44. h5 Ne7+ 45. Ke6 Bb4 46. g4 Bc5 47. Nd7 Bb4 48.
Nb6 Bc5 49. Nc4 b6 50. Nd2 Bb4 51. Ne4 Kf8 52. g5 fxg5 53. fxg5 h6 54. gxh6 gxh6
55. Nf6 Ng8 56. Nd7+ Kg7 57. Be2 Bc3 58. Nxb6 Nf6 59. Nc4 Ne4 60. Kd5 Nd2 61.
Nd6 Kf6 62. Kc6 Bb4 63. Kd5 Bxd6 64. Kxd6 Ne4+ 65. Kc6 Nc3 66. Bb5 Kg5 67. Kb6
Kxh5 68. Kxa5 Nxa4 1/2-1/2

[Event "ch-CHN 2013"]
[Site "Xinghua CHN"]
[Date "2013.04.26"]
[Round "10.6"]
[White "Li, Shilong"]
[Black "Zhou, Weiqi"]
[Result "1/2-1/2"]
[WhiteTitle "GM"]
[BlackTitle "GM"]
[WhiteElo "2558"]
[BlackElo "2590"]
[WhiteFideId "8600678"]
[BlackFideId "8601674"]
[EventDate "2013.04.16"]

1. d4 d5 2. c4 c6 3. Nf3 Nf6 4. Nc3 a6 5. h3 e6 6. cxd5 exd5 7. Bg5 Nbd7 8. Qc2
Bd6 9. e4 dxe4 10. Nxe4 Bb4+ 11. Nc3 h6 12. Bh4 O-O 13. Be2 Nb6 14. O-O Be7 15.
Rfe1 Be6 16. Bg3 Re8 17. Bd3 Nbd5 18. Rxe6 fxe6 19. Bg6 Rf8 20. Qe2 Qc8 21. Rd1
Bb4 22. Na4 b5 23. Nc5 Bxc5 24. dxc5 Ne7 25. Bc2 Nfd5 26. Bd6 Ra7 27. Re1 Rf6
28. Be5 Rf7 29. Qe4 Nf6 30. Bxf6 gxf6 31. Nd4 Nd5 32. Qxe6 Rc7 33. Bf5 Qf8 34.
Bg6 Re7 35. Bxf7+ Kh8 36. Bh5 Rxe6 37. Rxe6 Qxc5 38. Re8+ Kh7 39. Ne6 Qd6 40.
Nf8+ Kg7 41. Ne6+ Kh7 42. Nf8+ Kg7 43. Ne6+ Kh7 44. Nf8+ Kg7 45. Ne6+ Kh7 46.
Nf8+ Kg7 1/2-1/2